000 00457nam a22001937a 4500
003 MPLRDC
005 20220104113927.0
008 210129b ||||| |||| 00| 0 eng d
020 _a957-560-021-5
082 _a848.2 QJ v.7
100 _a琦君著
245 _a泪珠与珍珠
_c
250 _a初版七印
260 _a
_b九歌出版社
_c1991
300 _b
490 _a九歌文库;279
650 _a现代别集
942 _cBK
_o848.2 QJ v.7
999 _c3451
_d3441